Stati dell'Oceania in ordine alfabetico - Statistics

Statistiche generali
  • Questo quiz è stato fatto 58 volte
  • Il punteggio medio è 11 su 13
Statistiche sulle risposte
Lettera iniziale Stato % Corretto
A Australia
98%
F Figi
95%
K Kiribati
89%
I Isole Marshall
86%
I Isole Salomone
86%
N Nuova Zelanda
86%
T Tonga
86%
V Vanuatu
86%
P Palau
82%
T Tuvalu
82%
N Nauru
77%
P Papua Nuova Guinea
75%
S Samoa
75%
Nessun quiz corrispondente trovato
Distribuzione punteggi
Percentuale di utenti per punteggio
Percentile per numero di risposta
I tuoi punteggi nel tempo
Non hai fatto questo quiz